000 00598nam a2200217 a 4500
999 _c3647
_d3647
001 3647
003 BD-JhCC
005 20171118124740.0
008 171115s1977 ben |||| ||a| 000 0 ben d
035 _a(BD-JhCC)3647
040 _aBD-JhCC
_dBD-JhCC
041 _aben
082 _a891.4415
_bHOS 1977
100 _aহোসেন, আবুল
245 _aনব-বসন্ত /
_c আবুল হোসেন
260 _aঢাকা :
_bমুক্তধারা,
_c১৯৭৭.
300 _a57 p. :
_c21 cm.
650 _aCollection of Poems
942 _2ddc
_cBK